000 00278nam a22001337a 4500
008 180904b xxu||||| |||| 00| 0 eng d
020 _a9780131005068
041 _aeng
080 _a573
100 _a11
101 _aBIO
245 _aBiology
_cAudesirk, T
942 _2udc
_cBK
999 _c47498
_d47498